000 00943nam a22002175a 4500
003 OSt
005 20170503133509.0
008 160922n199? ua frb f000 0 ara d
040 _aEG-ScBUE
_bara
_cEG-ScBUE
_dEG-ScBUE
082 0 4 _a346.015
_bس ل ي
_222
100 1 _aسليم، محمد محي الدين إبراهيم.
245 1 0 _aأحكام الأحوال الشخصية للوطنيين غير المسلمين /
_cمحمد محي الدين إبراهيم سليم، محمد أحمد المعداوي.
260 _a[بنها، مصر] :
_bكلية الحقوق، جامعة بنها،
_c[?199]
300 _a362 ص. ؛
_c24 سم.
504 _aيشتمل على إرجاعات ببليوجرافية.
650 7 _aالأحوال الشخصية لغير المسلمين
_xقوانين وتشريعات.
_2BUEsh
651 _2BUEsh
653 _bLLAAWW
_cMay2017
700 1 _aالمعداوي، محمد أحمد.
942 _2ddc
999 _c24772
_d24744